Vývoj obchodu so službami v Európskej únii

Vývoj a význam obchodu so službami na svetovej úrovni s bližším zameraním sa na situáciu v Európskej únii. Liberalizácia obchodu so službami prináša efekty zvyšovania hospodárskeho rastu. Ešte stále nie je dostatočná. Rastúci obchod so službami a najmä zvyšujúce sa exporty služieb Európskej únie, po...

Descrizione completa

Salvato in:
Dettagli Bibliografici
Autore principale: Bittmannová, Bianka
Natura: Capitolo di libro
Lingua:slovacco
Soggetti:
Tags: Aggiungi Tag
Nessun Tag, puoi essere il primo ad aggiungerne!!

MARC

LEADER 00000nla a2200000 4500
001 0222919
005 20240502073640.0
041 0 |a slo 
044 |a SK 
245 1 0 |a Vývoj obchodu so službami v Európskej únii  |c Bianka Bittmannová 
520 |a Vývoj a význam obchodu so službami na svetovej úrovni s bližším zameraním sa na situáciu v Európskej únii. Liberalizácia obchodu so službami prináša efekty zvyšovania hospodárskeho rastu. Ešte stále nie je dostatočná. Rastúci obchod so službami a najmä zvyšujúce sa exporty služieb Európskej únie, pozitívne ovplyvňujú rast jej HDP. 
610 2 0 |a obchod 
610 2 0 |a služby 
610 2 0 |a liberalizácia 
610 2 0 |a svet 
610 2 0 |a Európska únia 
610 2 0 |a rast hospodársky 
610 2 0 |a produkt domáci hrubý 
610 2 0 |a dohody obchodné medzinárodné 
100 1 |a Bittmannová, Bianka